LEADER 01396nam0 22003131i 450 001 SUN0017398 005 20140625025023.238 010 $a00-7025-224-6 100 $a20040607d1998 |0engc50 ba 101 $aeng 102 $aGB 105 $a|||| ||||| 200 1 $aFundamentals of polymers$fAnil Kumar, Rakesh K. Gupta 210 $aNew York$cMcGraw-Hill$d1998 215 $a544 p.$cill.$d25 cm. 410 1$1001SUN0034351$12001 $aMcGraw-Hill chemical engineering series$1210 $aNew York$cMcGraw-Hill. 620 $aUS$dNew York$3SUNL000011 676 $a668.9$cIngegneria chimica. Polimeri e polimerizzazione$v21 700 1$aKumar$b, Anil$3SUNV013308$0335969 701 1$aGupta$b, Rakesh K.$3SUNV013309$022812 712 $aMcGraw Hill$3SUNV000135$4650 790 1$aGupta, Rakesh Kumar$zGupta, Rakesh K.$3SUNV060240 790 1$aGupta, R. K.$zGupta, Rakesh K.$3SUNV060241 801 $aIT$bSOL$c20181109$gRICA 912 $aSUN0017398 950 $aUFFICIO DI BIBLIOTECA DEL DIPARTIMENTO DI SCIENZE E TECNOLOGIE AMBIENTALI BIOLOGICHE E FARMACEUTICHE$d17 CONS Nf5 $e17 FSA1126 995 $aUFFICIO DI BIBLIOTECA DEL DIPARTIMENTO DI SCIENZE E TECNOLOGIE AMBIENTALI BIOLOGICHE E FARMACEUTICHE$bIT-CE0101$gFSA$h1126$kCONS Nf5$oc$qa 996 $aFundamentals of polymers$91428788 997 $aUNICAMPANIA LEADER 01063nlm 2200265Ia 450 001 996542972403316 005 20230816092847.0 100 $a19840502d1642---- uy | 101 0 $aeng 102 $aUK 135 $adrcnu 200 1 $a<> most worthy speech of the truly honourable and worthy member of the House of Commons Sir Edward Deering, Knight and Baronet, spoken in Parliament$econcerning the lyturgy of the Church of England and for a nationall synod 210 1 $aLondon$cPrinted for J.W.$d1642 215 $aTesto elettronico (PDF) ([5] p.) 230 $aBase dati testuale 300 $aRiproduzione dell'originale nella Harvard University Library 606 0 $aChiese anglicane$2BNCF 676 $a283.42 700 1$aDERING,$bEdward$cSir,$f1598-1644.$01004096 801 0$aIT$bcba$cREICAT 912 $a996542972403316 959 $aEB 969 $aER 996 $aMost worthy speech of the truly honourable and worthy member of the House of Commons Sir Edward Deering, Knight and Baronet, spoken in Parliament$93420301 997 $aUNISA LEADER 01165nam0 22002533i 450 001 VAN00280331 005 20241105094444.637 100 $a20240802d1988 |0itac50 ba 101 $aita 102 $aIT 105 $a|||| ||||| 200 1 $aˆGli ‰organi di governo nelle costituzioni europee degli anni 1975-1978$ecostituzione di Svezia, Grecia (modificata nel 1986), Portogallo (modificata nel 1982), Spagna$fAntonino Pensovecchio Li Bassi 210 $aTorino$cGiappichelli$d1988 215 $a156 p.$d24 cm 316 $aFondo Giovanni Ferrara.$5IT-IT-CE0105 CONSF.G.278 620 $dTorino$3VANL000001 700 1$aPensovecchio Li Bassi$bAntonino$3VANV035514$0234606 712 $aGiappichelli $3VANV107921$4650 801 $aIT$bSOL$c20260320$gRICA 899 $aBIBLIOTECA DEL DIPARTIMENTO DI GIURISPRUDENZA$1IT-CE0105$2VAN00 912 $aVAN00280331 950 $aBIBLIOTECA DEL DIPARTIMENTO DI GIURISPRUDENZA$d00CONS F.G.278 $e00FG 278 20240802 Fondo Giovanni Ferrara. 996 $aOrgani di governo nelle costituzioni europee degli anni 1975-1978$9691288 997 $aUNICAMPANIA